Введение в теорию моделей и метаматематику алгебры (Запись № 30474)
[ простой вид ]
| 000 -МАРКЕР | |
|---|---|
| контрольное поле | 01222nam a22002897c 4500 |
| 001 - КОНТРОЛЬНЫЙ НОМЕР ЗАПИСИ | |
| контрольное поле | 000030474 |
| 003 - ПРИНАДЛЕЖНОСТЬ КОНТРОЛЬНОГО НОМЕРА | |
| контрольное поле | RuMoIPM |
| 005 - ДАТА И ВРЕМЯ ПОСЛЕДНЕЙ ТРАНЗАКЦИИ | |
| контрольное поле | 20260505112404.0 |
| 008 - ЭЛЕМЕНТЫ ДАННЫХ ФИКСИРОВАННОЙ ДЛИНЫ | |
| контрольное поле | 240221b1967 ru ||||| |||| 00| 0 rus d |
| 035 ## - КОНТРОЛЬНЫЙ НОМЕР СИСТЕМЫ | |
| контрольный номер системы | (RuMoBEN) 002231172 |
| 040 ## - ОРГАНИЗАЦИЯ-СОЗДАТЕЛЬ ЗАПИСИ | |
| организация-создатель исходной библиографической записи | RuMoBEN |
| язык каталогизации | rus |
| правила каталогизации | rcr |
| 041 ## - КОД ЯЗЫКА | |
| код языка текста | Русский |
| код языка оригинала и/или промежуточных переводов текста | eng |
| 044 ## - КОД СТРАНЫ ПУБЛИКАЦИИ/ИЗГОТОВЛЕНИЯ | |
| MARC код страны публикации/изготовления | Российская Федерация |
| 080 ## - ИНДЕКС УНИВЕРСАЛЬНОЙ ДЕСЯТИЧНОЙ КЛАССИФИКАЦИИ | |
| индекс Универсальной десятичной классификации | 510.8 |
| 080 ## - ИНДЕКС УНИВЕРСАЛЬНОЙ ДЕСЯТИЧНОЙ КЛАССИФИКАЦИИ | |
| индекс Универсальной десятичной классификации | 512.5 |
| 100 ## - ИМЯ ЛИЦА КАК ОСНОВНОЙ ПОИСКОВЫЙ ПРИЗНАК | |
| имя лица | Робинсон, Авраам |
| 245 ## - ОБЛАСТЬ ЗАГЛАВИЯ И СВЕДЕНИЙ ОБ ОТВЕТСТВЕННОСТИ | |
| заглавие | Введение в теорию моделей и метаматематику алгебры |
| сведения об ответственности и т. д | А. Робинсон ; [пер. с англ. А. В. Волынского ; под ред. А. Д. Тайманова] |
| 260 ## - ОБЛАСТЬ ВЫХОДНЫХ ДАННЫХ | |
| место публикации, распространения, изготовления и т. д | Москва |
| издательство, издатель, распространитель и т. д | Наука |
| дата издания, распространения и т. д | 1967 |
| 300 ## - ОБЛАСТЬ КОЛИЧЕСТВЕННОЙ ХАРАКТЕРИСТИКИ | |
| объём | 376 с. |
| 490 0# - ОБЛАСТЬ СЕРИИ | |
| область серии | Математическая логика и основания математики |
| 500 ## - ПРИМЕЧАНИЕ ОБЩЕГО ХАРАКТЕРА | |
| текст примечания | Пер. изд.: Introduction to model theory and to the memamathematics of algebra / Abraham Robinson. Amsterdam : North-Holland, 1963 |
| 500 ## - ПРИМЕЧАНИЕ ОБЩЕГО ХАРАКТЕРА | |
| текст примечания | На обл. авт. не указан |
| 504 ## - ПРИМЕЧАНИЕ О НАЛИЧИИ БИБЛИОГРАФИЧЕСКИХ ПЕРЕЧНЕЙ И ССЫЛОК | |
| текст примечания | Библиогр.: с. 356-372 |
| 555 ## - ПРИМЕЧАНИЕ О КУМУЛЯТИВНОМ УКАЗАТЕЛЕ/ВСПОМОГАТЕЛЬНЫХ УКАЗАТЕЛЯХ | |
| текст примечания | Имен., предм. указ.: с. 373-376 |
| 856 40 - МЕСТОНАХОЖДЕНИЕ ЭЛЕКТРОННОГО РЕСУРСА И ДОСТУП К НЕМУ | |
| тип электронного формата | |
| унифицированный определитель ресурса (URI) | <a href="https://ikfia.ysn.ru/wp-content/uploads/2018/01/Robinson1967ru.pdf">https://ikfia.ysn.ru/wp-content/uploads/2018/01/Robinson1967ru.pdf</a> |
| 942 ## - ДАННЫЕ О ЗАПИСИ (KOHA) | |
| Тип экземпляра (KOHA) | Книга |
| Статус выдачи | Библиотека держатель | Текущая библиотека | Местонахождение | Шифр хранения | Штрих-код | Тип экземпляра |
|---|---|---|---|---|---|---|
| Институт прикладной математики им. М.В. Келдыша | Институт прикладной математики им. М.В. Келдыша | Миусская | 51:164 / Р 58 | KIAM10464 | Книга | |
| Институт прикладной математики им. М.В. Келдыша | Институт прикладной математики им. М.В. Келдыша | Книга |